An introduction to English literature /

Bibliographic Details
Main Author: Pancoast, Henry Spackman, 1858-1928
Format: Book
Language:English
Published: New York : H. Holt, 1896
Subjects:

MARC

Tag First Indicator Second Indicator Subfields
LEADER 00000cam a2200000I 4500
001 in00000036623
005 20151007062145.0
008 720425s1896 nyu 000 0 eng d
035 |a (OCoLC)ocm00293315 
035 |a (OCoLC)00293315 
035 |9 AAD4095AM 
040 |a YNG  |c YNG  |d UtOrBLW 
049 |a TXAM 
090 |a PR85  |b .P3 1896 
100 1 |a Pancoast, Henry Spackman,  |d 1858-1928. 
245 1 3 |a An introduction to English literature /  |c by Henry S. Pancoast. 
264 1 |a New York :  |b H. Holt,  |c 1896 
264 4 |c [©1894] 
300 |a 556 pages :  |b maps (part double) 
336 |a text  |b txt  |2 rdacontent 
337 |a unmediated  |b n  |2 rdamedia 
338 |a volume  |b nc  |2 rdacarrier 
500 |a Based upon the author's Representative English literature. cf. Pref. 
500 |a "Study list": pages 497-504. 
500 |a Based upon the author's "Representative English literature". cf. Pref. 
650 0 |a English literature  |x History and criticism. 
994 |a E0  |b TXA 
999 |a MARS 
999 f f |s 079a4568-1b65-30e3-9bb0-d600bd1185bf  |i 1fc4d433-b504-3b6a-94ca-4f056aa691cc  |t 0 
952 f f |p ric  |a Texas A&M University  |b Rellis Campus  |c Joint Library Facility  |d Remote Storage  |t 0  |e PR85 .P3 1896  |h Library of Congress classification  |i unmediated -- volume  |m A14801273027 
998 f f |a PR85 .P3 1896  |t 0  |l Remote Storage